Сближаване на българското с европейското право по опазване на околната среда в нейната цялост (Запис номер 65896)
[ съкратено ]
| 000 -Лидер | |
|---|---|
| Контролно поле с фиксирана дължина | 02105nam a2200433 c 4500 |
| 003 - Код на организацията, давaща контролен номер | |
| Контролно поле | BLK |
| 005 - Дата и час на последна редакция | |
| Контролно поле | 20180420223411.0 |
| 008 - Елементи от данни с фиксирана дължина | |
| fixed length control field | 180408b bul|||||r ||||||| ||bul|| |
| 010 ## - Наследен системен номер | |
| LC control number | KNG00070178000 |
| 020 ## - Международен стандартен номер на книга ISBN | |
| Международен стандартен номер на книга ISBN | 954-9801-12-8 |
| -- | издат.: Нике-НТ-89 |
| 040 ## - Източник на каталожния запис | |
| Идентификатор на билиотеката - собственик на записа | BLK |
| 041 ## - Код за език | |
| Код за езика на текст/звукозапис или на отделно заглавие | Български |
| Код за езика КДБФ | Български |
| 072 #7 - Код за тематичната категория | |
| Код организация | bullib |
| Код за тематична категория | Е |
| Текст | Картотека "Европейски съюз" |
| 080 ## - УДК | |
| Текстов определител УДК | Специални отрасли на правото. Отрасли на правото със смесен характер |
| УДК код - определител по УДК | 349 |
| УДК определител | (497.2:4) |
| УДК - код + определител | 349(497.2:4) |
| 080 ## - УДК | |
| Текстов определител УДК | Регионални обединения на държавите. ЕС(правни аспекти), Европейска общност за въглища и стомана и др. |
| УДК код - определител по УДК | 341.17 |
| УДК определител | (4) |
| УДК - код + определител | 341.17(4) |
| 100 1# - Редна дума - Автор | |
| Автор | Пенчев, Георги Петров |
| Авторска отговорност | първи автор |
| R(LIN) | 255891 |
| 139 ## - Редно поле | |
| Редна дума | Пенчев, Георги Петров |
| Авторски знак | Пенч - П 36 |
| 245 10 - Сведения за заглавието | |
| Заглавие | Сближаване на българското с европейското право по опазване на околната среда в нейната цялост |
| Редно поле (дума) | Георги Петров Пенчев. |
| 257 ## - Страна на издаване | |
| Страна на създаване/издаване | България |
| 260 ## - Област на издателските данни | |
| -- | София |
| Име на издателя, разпространителя и проч. | Нике-НТ-89 |
| Година на издаване | 2006 |
| 300 ## - Физическа характеристика | |
| Страници | 191 с. |
| Размери/Мащаб | 20 см |
| 380 ## - Жанр | |
| Жанр | Обществени науки |
| 500 ## - Общи забележки | |
| Забележка | Рез. на рус., англ. ез. - Библиогр. с. 145-150 |
| 504 ## - Забележка за наличие на библиография и др | |
| Забележка за наличие на библиография и под. | 145-150 |
| 650 #4 - Допълнително описание по предмет – тема | |
| Основно описание – тема или топоним | Законодателство - България - интеграционни процеси с Европейския съюз |
| 9 (RLIN) | 292676 |
| 650 #4 - Допълнително описание по предмет – тема | |
| Основно описание – тема или топоним | Околна среда - опазване - правни проблеми |
| 9 (RLIN) | 281981 |
| 650 #4 - Допълнително описание по предмет – тема | |
| Основно описание – тема или топоним | Европейски съюз - правни проблеми |
| 9 (RLIN) | 248178 |
| 653 ## - Ключова дума – ненормативна | |
| Ключова дума | околна среда |
| 653 ## - Ключова дума – ненормативна | |
| Ключова дума | опазване на околната среда |
| 653 ## - Ключова дума – ненормативна | |
| Ключова дума | правни проблеми |
| 653 ## - Ключова дума – ненормативна | |
| Ключова дума | Европейски съюз |
| 653 ## - Ключова дума – ненормативна | |
| Ключова дума | България |
| 659 ## - Тематичен бюлетин | |
| Тематичен бюлетин | Е |
| 852 ## - Местоположение | |
| Форматна сигнатура | Цб 230535 |
| 856 4# - Електронен адрес и достъп | |
| Електронен формат | pdf - файл |
| Път до файла /url/ | |
| 856 4# - Електронен адрес и достъп | |
| Електронен формат | pdf - файл |
| Път до файла /url/ | |
| 942 ## - АРТИКУЛИ | |
| Вид на библиотечния материал | Книги |
| Скрит в OPAC | Не |
| 944 ## - СЪЗДАВАНЕ И РЕДАКЦИЯ на ЗАПИСА | |
| Създаване/Редакция | Създаване |
| Дата на регистрацията/редакция | 20.12.2006 |
| Служител, извършил регистрацията/редакцията | Геновева_Генчева |
| 944 ## - СЪЗДАВАНЕ И РЕДАКЦИЯ на ЗАПИСА | |
| Създаване/Редакция | Редакция |
| Дата на регистрацията/редакция | 09.07.2007 |
| Служител, извършил регистрацията/редакцията | |
| 999 ## - СИСТЕМНИ КОНТРОЛНИ НОМЕРА | |
| Koha biblionumber | 65896 |
| Koha biblioitemnumber | 65896 |
| Код за отписване | Код за изгубен артикул | Код за повреда | Коз за рестрикции | Код за отдаване | Артикулен № | Име на библиотеката - собственик | Име на библиотеката, в която се намира в момента | Статус (Текущо местоположение) | Дата на вписване в системата | Местоположение - отдел | Цена в лева | Инвентарен номер | Систематично азбучна сигнатура | Баркод | Номер на екземпляра | Цена в евро | Служебна бележка | Служебен тип на артикула |
|---|---|---|---|---|---|---|---|---|---|---|---|---|---|---|---|---|---|---|
| Не е изгубен | Не е повреден | без рестрикции | заемане за дома | 108801 | Регионална библиотека "Любен Каравелов" Русе | Регионална библиотека "Любен Каравелов" Русе | Заемна - подръчен фонд | 2006-12-20 | Заемна - подръчен фонд | 7.00 | 120000707743 | П 349/П 36 | 120000707743 | 1 | 3.58 | Дост: Pk Вид: Ф N: 47400 Дата: 18.12.2006 Дата инв: 07.02.2018 Бележки инв: П2018 | Книги | |
| Не е изгубен | Не е повреден | без рестрикции | ползва се в читалня | 108802 | Регионална библиотека "Любен Каравелов" Русе | Регионална библиотека "Любен Каравелов" Русе | Хранилище | 2007-06-27 | Хранилище | 7.00 | 120000714954 | Цб 230535 | 120000714954 | 2 | 3.58 | Дост: Dp Вид: Д N: 5 Дата: 20.12.2006 | Книги |